000 01657nam a2200229Ia 4500
001 b6563-47122
003 IT-MiCISF
005 20230317141212.0
008 161014s9999||||xx |||||||||||||| ||und||
040 _aIT-MiCISF
_cIT-MiCISF
041 _ait
100 _aPepe Marinella
_959736
245 0 _aLa pratica della distinzione.
_bUno studio sull'associazionismo delle donne migranti
260 _a Milano,
_bUnicopli,
_c2009
300 _app. 290
500 _a / società, associazionismo, famiglia-migranti, donna, esperienze /
520 _aNel contesto di profondi e irreversibili cambiamenti un ruolo decisivo è svolto dalle migrazioni transnazionali. In particolare, tre processi si intrecciano articolando ancora di più lo scenario: la femminilizzazione dei flussi migratori; l'emergere crescente del ruolo della società civile; il protagonismo esercitato dai nuovi arrivati, che nella pratica associativa danno saggio di creatività e di capacità di autorganizzarsi. Il testo mette in luce i risultati di una ricerca sull'associazionismo delle donne migranti, che ha preso in esame, grazie ad un approccio biografico, le modalità attraverso le quali la pratica associativa viene tematizzata dalle migranti stesse. Dallo studio emerge come un diverso capitale biografico dia corpo a esperienze associative profondamente distinte per contenuti e per obiettivi; desiderio di cura e bisogno distintivo, poi, accomunano i diversi vissuti, configurando la pratica associativa come un'esplicita risorsa di senso in un'epoca di legami deboli.
650 _asocietà
_e006
_956109
654 _aindagine
942 _cBK
_2ddc
999 _c210468
_d210468
999 _bsi